000 01207nac a22003131i 4500
003 EG-ScBUE
005 20240911130837.0
008 090525t2009 njua f b 001 0 eng d
020 _a9780132078450 (pbk.)
020 _a0132078457 (pbk.)
040 _aEG-ScBUE
_beng
_erda
_cEG-ScBUE
_dEG-ScBUE
082 0 4 _a511.6
_bKOL
_222
100 1 _aKolman, Bernard,
_d1932-‏
_eauthor.
_95103
245 1 0 _aDiscrete mathematical structures /
_cBernard Kolman, Drexel University, Robert C. Busby, Drexel University, Sharon Cutler Ross, Georgia Perimeter College.
250 _aSixth edition.
250 _aPearson International Edition.
264 1 _aUpper Saddle River, NJ :
_bPearson/Prentice-Hall,
_c[2009]
264 4 _cc2009
300 _axii, 522, [12] pages :
_billustrations (some color) ;
_c26 cm
336 _2rdacontent
_atext
_btxt
337 _aunmediated
_2rdamedia
_bn
338 _avolume
_bnc
_2rdacarrier
504 _aIncludes bibliographical references and index.
650 7 _aComputer science
_xMathematics.
_2BUEsh
_95104
655 _vReading book
700 1 _95105
_aBusby, Robert C.,
_eauthor.
700 1 _95106
_aRoss, Sharon Cutler,
_d1943-
_eauthor.
942 _cBB
_2ddc
999 _c11611
_d11611